Príncipes de Liechtenstein - Estadísticas

Estadísticas generales
  • Esta prueba ha sido intentada 6 veces
  • La puntuación promedio es 11 de 16
Estadísticas de respuestas
Período Nombre % Correcto
1721-1732 José Juan Adán
100%
1684-1712 Juan Adán I
100%
1989-Act. Juan Adán I
100%
1858-1929 Juan II
100%
1805-1836 Juan I José
100%
1732-1748 Juan Nepomuceno Carlos
100%
1627-1684 Carlos Eusebio
60%
1608-1627 Carlos I
60%
1772-1781 Francisco José I
60%
1938-1989 Francisco José II
60%
1929-1938 Francisco I
40%
1712-1718 José Venceslao
40%
1748-1772 José Venceslao
40%
1781-1805 Luis I
40%
1836-1858 Luis II
40%
1718-1721 Antonio Florián
20%
No se encontraron pruebas coincidentes
Distribución de puntuación
Porcentaje de gente con cada puntuación
Porcentaje por número respondido
Historial de tus puntuaciones
No has intentado esta prueba.